[Event "Bundesliga 2016-17"]
[Site "masterchessopen.com Berlin GER"]
[Date "2017.03.18"]
[Round "9.6"]
[White "Hoffmann,Micha1"]
[Black "Lauber,A"]
[Result "1-0"]
[WhiteElo "2471"]
[BlackElo "2434"]
[EventType "team"]

1.d4 Nf6 2.c4 e6 3.Nc3 Bb4 4.Qc2 d5 5.cxd5 exd5 6.Bg5 h6 7.Bh4 c5 8.dxc5 O-O
9.e3 Be6 10.a3 Bxc3+ 11.Qxc3 g5 12.Bg3 Ne4 13.Qc2 Nc6 14.f3 Qa5+ 15.Ke2 Nxg3+
16.hxg3 d4 17.Rxh6 Rfd8 18.Rd1 dxe3 19.Qh7+ Kf8 20.Qh8+ Ke7 21.Qf6+ {#r} 1-0

[Event "Bundesliga 2016-17"]
[Site "masterchessopen.com Berlin GER"]
[Date "2017.03.18"]
[Round "9.6"]
[White "Baldauf,Marc"]
[Black "Zaragatski,I"]
[Result "1-0"]
[WhiteElo "2431"]
[BlackElo "2502"]
[EventType "team"]

1.c4 Nf6 2.Nc3 e5 3.Nf3 Nc6 4.e3 Bb4 5.Qc2 Bxc3 6.Qxc3 Qe7 7.a3 d5 8.cxd5 Nxd5
9.Qb3 Nb6 10.d3 a5 11.Qc2 a4 12.Bd2 Be6 13.Rc1 O-O 14.Be2 Rfd8 15.h3 Bb3
16.Qb1 Nd7 17.Bc3 Nc5 18.O-O e4 19.dxe4 Nxe4 20.Bd3 Nxc3 21.Rxc3 g6 22.Be4 Bd5
23.Bxd5 Rxd5 24.Qc2 Ra6 25.Rc4 Rb5 26.Rd1 Ne5 27.Rxc7 Nxf3+ 28.gxf3 Qg5+
29.Kf1 Rf6 30.Qe4 Rxb2 31.Rxb7 Rxb7 32.Qxb7 Qh5 33.Qc8+ Kg7 34.Qg4 Qb5+ 35.Kg2
h5 36.Qd4 Qg5+ 37.Kh2 Kh7 38.f4 Qf5 39.Qxa4 g5 40.Rd4 Rg6 41.Qc4 h4 42.Rd5 Qf6
43.Qd4 gxf4 44.Rh5+ Kg8 45.Qxf6 Rxf6 46.e4 Re6 47.f3 Ra6 48.Rxh4 f5 49.Rxf4
fxe4 50.fxe4 Rxa3 51.Kg2 Re3 52.Rg4+ Kf7 53.h4 Ra3 54.h5 Ra5 55.Rh4 Kg7 56.h6+
Kh7 57.Kf3 Ra6 58.Kf4 Ra5 59.Rh1 Rb5 60.e5 Rb2 61.Kf5 Rb6 62.e6 Rb2 63.Re1
Rf2+ 64.Ke5 Kg6 65.Rh1 Re2+ 66.Kd6 Rd2+ 67.Ke7 Kh7 68.Ke8 Re2 69.e7 Ra2 70.Rh4
Re2 71.Kd7 Rd2+ 72.Ke6 Re2+ 73.Kd6 Rd2+ 74.Ke5 Rd7 75.e8=R {#r} 1-0

[Event "Bundesliga 2016-17"]
[Site "masterchessopen.com Berlin GER"]
[Date "2017.03.18"]
[Round "9.6"]
[White "Braun,Christi2"]
[Black "Agopov,M"]
[Result "1-0"]
[WhiteElo "2376"]
[BlackElo "2433"]
[EventType "team"]

1.e4 c5 2.Nf3 d6 3.d4 cxd4 4.Nxd4 Nf6 5.Nc3 a6 6.h3 e6 7.g4 Be7 8.Bg2 O-O 9.g5
Nfd7 10.h4 b5 11.Be3 Bb7 12.f4 Nc6 13.Nxc6 Bxc6 14.Qd2 Nb6 15.b3 Qc7 16.h5 Bb7
17.h6 g6 18.Ne2 e5 19.O-O Rad8 20.Qa5 Nd5 21.Qxc7 Nxc7 22.f5 d5 23.Ng3 d4
24.Bd2 b4 25.Rf2 Bc5 26.Bf1 d3 27.Bxd3 Bd4 28.Re1 Bxf2+ 29.Kxf2 a5 30.Be3 Rd7
31.Bb6 Ra8 32.Bxc7 Rxc7 33.Nf1 f6 34.Bc4+ Rxc4 35.bxc4 fxg5 36.fxg6 hxg6
37.Ke3 Ba6 38.Nd2 Kh7 39.Rh1 g4 40.Rg1 Bc8 41.Rf1 Be6 42.a3 bxa3 43.Ra1 Kxh6
44.Rxa3 a4 45.c5 Kg5 46.c6 Kh4 47.c7 g5 48.Nc4 g3 49.Nxe5 g4 50.Ng6+ Kh3
51.Nf4+ Kh2 52.c4 Bd7 53.Rd3 g2 54.Rd2 a3 55.Rxg2+ Kh1 56.Ra2 Ra4 57.Nd5 g3
58.Ra1+ Kh2 59.Nb6 Ra7 60.Nxd7 Rxc7 61.Ne5 g2 62.Kf2 Ra7 63.Nf3+ Kh3 64.Ra2
Ra4 65.c5 Rxe4 66.Ng5+ Kh2 67.Kf3 Rc4 68.Rxg2+ Kh1 69.Ra2 Rc3+ 70.Kf2 Rb3
71.Nf3 Rb1 72.Kg3 {#r} 1-0

[Event "Bundesliga 2016-17"]
[Site "masterchessopen.com Berlin GER"]
[Date "2017.03.18"]
[Round "9.6"]
[White "Thiede,L"]
[Black "Van Foreest,Lucas"]
[Result "0-1"]
[WhiteElo "2420"]
[BlackElo "2350"]
[EventType "team"]

1.d4 Nf6 2.Nf3 b6 3.Bf4 Bb7 4.e3 e6 5.h3 Be7 6.Nbd2 d6 7.Bd3 O-O 8.O-O c5 9.c3
Nc6 10.Qe2 Re8 11.e4 cxd4 12.cxd4 Nd7 13.Rfd1 Nb4 14.Bb5 a6 15.Ba4 b5 16.Bb3
Rc8 17.a3 Nc6 18.Rac1 Na5 19.Ba2 Rxc1 20.Rxc1 Qa8 21.Ng5 Nf8 22.Ngf3 Rc8
23.Rxc8 Qxc8 24.Nb3 Nc4 25.Qc2 Ng6 26.Bg3 Qc6 27.Nfd2 d5 28.e5 Ncxe5 29.Qxc6
Nxc6 30.Nf3 a5 31.Bc7 a4 32.Na5 Nxa5 33.Bxa5 Nf4 34.Bb1 Bd6 35.g3 Ng6 36.Bd3
Bc6 37.Ne1 f6 38.Nc2 Bd7 39.Bb4 Bc7 40.Ne3 Bb6 41.Bc5 Bxc5 42.dxc5 Ne5 43.Be2
Nc4 44.Bxc4 bxc4 45.Nc2 Kf7 46.Nb4 d4 47.f4 e5 48.h4 Bg4 49.Kf2 e4 50.Ke1 Ke6
51.c6 e3 52.c7 Kd6 53.Nc2 Kd5 {#R} 0-1

[Event "Bundesliga 2016-17"]
[Site "masterchessopen.com Schwaebisch Hall GER"]
[Date "2017.03.18"]
[Round "9.7"]
[White "Postny,E"]
[Black "Fedorovsky,M"]
[Result "1-0"]
[WhiteElo "2611"]
[BlackElo "2498"]
[EventType "team"]

1.d4 f5 2.g3 Nf6 3.Bg2 g6 4.c4 Bg7 5.Nc3 O-O 6.Nh3 d6 7.d5 Nbd7 8.O-O Ne5 9.b3
c6 10.Bb2 Bd7 11.Qd2 a5 12.Rac1 Qc7 13.Kh1 h6 14.e3 Rae8 15.f4 Nf7 16.Nf2 e5
17.dxe6 Rxe6 18.e4 Rfe8 19.Nd5 Qd8 20.Nxf6+ Bxf6 21.Bxf6 Qxf6 22.exf5 Re2
23.Qxa5 Bxf5 24.Rce1 Qb2 25.Rxe2 Rxe2 26.Qb6 Qxa2 27.Kg1 Re7 28.g4 Bc2 29.Qd4
Qxb3 30.Rc1 Qb4 31.Bf1 Re1 32.Rxe1 Qxe1 33.Qb2 Qb1 34.Qf6 Qb6 35.Qc3 Bb1
36.Kg2 d5 37.cxd5 cxd5 38.Kg3 Qc6 39.Qd4 Kh7 40.Bg2 Qc4 41.Qf6 Kg8 42.Bf3 b5
43.Qe6 Qc3 44.Kg2 Qd4 45.f5 gxf5 46.Bxd5 Qa7 47.gxf5 Kf8 48.f6 Qc7 49.Qg4 {#r}
1-0

[Event "Bundesliga 2016-17"]
[Site "masterchessopen.com Schwaebisch Hall GER"]
[Date "2017.03.18"]
[Round "9.7"]
[White "Dragnev,Valentin"]
[Black "Cornette,M"]
[Result "0-1"]
[WhiteElo "2438"]
[BlackElo "2599"]
[EventType "team"]

1.d4 Nf6 2.Nf3 d5 3.Bf4 c5 4.e3 Nc6 5.Nbd2 cxd4 6.exd4 Bf5 7.c3 e6 8.Qb3 Bd6
9.Qxb7 Bxf4 10.Qxc6+ Kf8 11.g3 Bd6 12.Nh4 Rb8 13.Nxf5 exf5 14.Rb1 Rb6 15.Qa4
Qe7+ 16.Be2 h5 17.Kf1 Ne4 18.Ke1 h4 19.f3 Ng5 20.f4 hxg3 21.fxg5 Rxh2 22.Rxh2
gxh2 23.Kf2 Rxb2 24.Qd1 Qxg5 25.Nf3 Qg3+ 26.Ke3 f4+ {#R} 0-1

[Event "Bundesliga 2016-17"]
[Site "masterchessopen.com Schwaebisch Hall GER"]
[Date "2017.03.18"]
[Round "9.7"]
[White "Le Roux,JP"]
[Black "Johansson,Linus"]
[Result "0-1"]
[WhiteElo "2549"]
[BlackElo "2399"]
[EventType "team"]

1.d4 Nf6 2.Bg5 e6 3.e4 h6 4.Bxf6 Qxf6 5.c3 g6 6.Bd3 Bg7 7.Ne2 d6 8.O-O Nd7
9.f4 O-O 10.Nd2 e5 11.Kh1 Qe7 12.Nf3 b6 13.Qd2 Bb7 14.Rae1 Kh8 15.Bc2 a6
16.Nc1 Rae8 17.Nd3 f5 18.Nf2 fxe4 19.Bxe4 Bxe4 20.Nxe4 Rxf4 21.dxe5 dxe5 22.g3
Rff8 23.Qd3 Qe6 24.c4 Qc6 25.Kg2 Nf6 26.Nxf6 Rxf6 27.Qe4 b5 28.b3 bxc4 29.bxc4
Kh7 30.Re2 Rb8 31.Rd1 Rb2 32.Rd5 Rxe2+ 33.Qxe2 Rd6 34.Qe4 Qa4 35.Rxd6 cxd6
36.Nh4 Qe8 37.Qd5 e4 38.Kf2 Qa4 39.Qxe4 Qxa2+ 40.Kf3 Qb3+ 41.Kg2 Qb2+ 42.Kh3
Qf6 43.Qd5 Qf1+ {#R} 0-1

[Event "Bundesliga 2016-17"]
[Site "masterchessopen.com Schwaebisch Hall GER"]
[Date "2017.03.18"]
[Round "9.7"]
[White "Womacka,M"]
[Black "Schenk,An"]
[Result "1-0"]
[WhiteElo "2424"]
[BlackElo "2463"]
[EventType "team"]

1.e4 c5 2.Nf3 d6 3.d4 cxd4 4.Nxd4 Nf6 5.Nc3 a6 6.Be2 e6 7.O-O Be7 8.f4 O-O
9.Kh1 Qc7 10.Qe1 Nc6 11.Be3 Bd7 12.Qg3 Kh8 13.Rad1 b5 14.e5 dxe5 15.fxe5 Qxe5
16.Bf4 Qc5 17.Nb3 Qa7 18.Be3 Qb7 19.Nc5 Bxc5 20.Bxc5 Rg8 21.Bd3 e5 22.Qh4 e4
23.Nxe4 Nxe4 24.Rxf7 Rae8 25.Bxe4 {#r} 1-0

[Event "Bundesliga 2016-17"]
[Site "masterchessopen.com Schwaebisch Hall GER"]
[Date "2017.03.18"]
[Round "9.7"]
[White "Belezky,A"]
[Black "Zeller,F"]
[Result "0-1"]
[WhiteElo "2397"]
[BlackElo "2397"]
[EventType "team"]

1.Nf3 c5 2.g3 Nc6 3.Bg2 g6 4.O-O Bg7 5.c4 d6 6.Nc3 a6 7.a4 Nh6 8.d3 Nf5 9.Bd2
Rb8 10.Rb1 O-O 11.Ne1 Bd7 12.Nc2 Nfd4 13.Nxd4 cxd4 14.Nd5 b5 15.axb5 axb5
16.b3 e6 17.Nb4 Qb6 18.cxb5 Na7 19.Nc6 Bxc6 20.bxc6 Rfc8 21.b4 Nb5 22.Qb3 d5
23.Rfc1 Rxc6 24.Rxc6 Qxc6 25.Rc1 Qb6 26.Qc2 Nc3 27.Bxc3 dxc3 28.Rb1 h5 29.e3
d4 30.exd4 Bxd4 31.b5 Rc8 32.Bc6 Bxf2+ 33.Kg2 Bd4 34.Ra1 Rxc6 35.bxc6 Qxc6+
36.Kh3 g5 37.Rf1 f5 38.g4 hxg4+ 39.Kg3 Qd6+ 40.Kg2 Qc6+ 41.Kg3 Be5+ 42.Kf2
Bxh2 43.Ke1 g3 {#R} 0-1

[Event "Bundesliga 2016-17"]
[Site "masterchessopen.com Schwaebisch Hall GER"]
[Date "2017.03.18"]
[Round "9.8"]
[White "Kindermann,S"]
[Black "Eljanov,P"]
[Result "0-1"]
[WhiteElo "2509"]
[BlackElo "2741"]
[EventType "team"]

1.d4 Nf6 2.Bg5 e6 3.e4 h6 4.Bxf6 Qxf6 5.c3 d6 6.Bd3 g6 7.Ne2 Bg7 8.O-O e5 9.f4
Qe7 10.f5 Nd7 11.Qb3 gxf5 12.Rxf5 O-O 13.Rf2 Qg5 14.Na3 Nf6 15.Nc4 Rb8 16.Rd1
b5 17.Nd2 exd4 18.cxd4 c5 19.Bb1 Ng4 20.Nf3 c4 21.Qc3 b4 22.Qxc4 Qe3 23.Rf1
Be6 24.d5 Bd7 25.Ned4 Bxd4 26.Qxd4 Qxd4 27.Nxd4 Nxf2 28.Kxf2 Rbc8 29.Ke3 Kg7
30.Bd3 Rfe8 31.Bb5 Bxb5 32.Nxb5 Red8 33.Nd4 Rc5 34.Nf5+ Kf8 35.Nxh6 Rd7 36.Rf2
Rdc7 37.Nf5 Rc2 38.Nd4 Rxf2 39.Kxf2 Rc1 40.Ke3 Rg1 41.Kf3 Ra1 42.b3 Rxa2 {#R}
0-1

[Event "Bundesliga 2016-17"]
[Site "masterchessopen.com Schwaebisch Hall GER"]
[Date "2017.03.18"]
[Round "9.8"]
[White "Hertneck,G"]
[Black "Bartel,Mat"]
[Result "0-1"]
[WhiteElo "2476"]
[BlackElo "2641"]
[EventType "team"]

1.Nf3 f5 2.c4 Nf6 3.Nc3 g6 4.d4 Bg7 5.Bf4 d6 6.e3 Na6 7.Be2 c5 8.O-O O-O 9.h3
h6 10.Bh2 Qe8 11.Nb5 Qf7 12.Ne1 Bd7 13.Rc1 Rfc8 14.b3 cxd4 15.Nxd4 Kh7 16.Nd3
e5 17.Nb5 Qe7 18.Qd2 Ne4 19.Qb2 Bc6 20.Rfe1 Nac5 21.Nxc5 dxc5 22.Nc3 Nxc3
23.Qxc3 Qg5 24.Bf1 f4 25.e4 Rd8 26.f3 Rd7 27.Rcd1 Rad8 28.Be2 Rd4 29.Kf1 b6
30.Qc1 Bd7 31.Qc2 Qh5 32.Bg1 Bxh3 33.Bxd4 exd4 34.Bd3 Qxf3+ 35.Kg1 Qg3 36.Qf2
Qg5 37.e5 Bg4 38.Be2 Bf5 39.Bd3 Be6 40.Re4 Rf8 41.Bf1 Bf5 42.Rxf4 Bxe5 43.Rf3
Qh5 44.Bd3 Bf4 45.Bxf5 Rxf5 46.Kf1 Re5 47.Ra1 g5 48.Rh3 Qg6 49.g4 d3 50.Qf3 d2
51.Qd3 Re4 52.Qd7+ Kg8 53.Rd3 Re8 54.Rd1 Kh8 55.Qf5 Qxf5 56.gxf5 Kg7 57.R1xd2
Bxd2 58.Rxd2 Rf8 59.Rd5 h5 60.Kf2 Kf6 61.Kf3 Re8 62.a4 Re5 63.Rd7 g4+ 64.Kg2
Re7 65.Rd5 h4 66.a5 Re2+ 67.Kf1 Rb2 {#R} 0-1

[Event "Bundesliga 2016-17"]
[Site "masterchessopen.com Schwaebisch Hall GER"]
[Date "2017.03.18"]
[Round "9.8"]
[White "Socko,B"]
[Black "Schramm,C"]
[Result "1-0"]
[WhiteElo "2604"]
[BlackElo "2390"]
[EventType "team"]

1.e4 e6 2.d4 d5 3.Nd2 c5 4.Ngf3 Nc6 5.exd5 Qxd5 6.Bc4 Qd7 7.dxc5 Bxc5 8.O-O
Nf6 9.a3 a6 10.b4 Ba7 11.Bb2 b5 12.Bd3 Bb7 13.Nb3 Qd5 14.Qe2 O-O 15.Rad1 Qh5
16.c4 bxc4 17.Bxc4 Nd5 18.Bxd5 exd5 19.Rfe1 Rad8 20.Nbd4 Nb8 21.Rc1 Bc8 22.Qe7
Bxd4 23.Bxd4 f6 24.Rc7 Bd7 25.Qc5 Rfe8 26.Rxe8+ Rxe8 27.Qd6 h6 28.Rxd7 Nxd7
29.Qxd7 Re2 30.Qc8+ Kh7 31.Qxa6 Qe8 {#r} 1-0

[Event "Bundesliga 2016-17"]
[Site "masterchessopen.com Schwaebisch Hall GER"]
[Date "2017.03.18"]
[Round "9.8"]
[White "Zysk,R"]
[Black "Paehtz,E"]
[Result "0-1"]
[WhiteElo "2385"]
[BlackElo "2459"]
[EventType "team"]

1.Nf3 Nf6 2.c4 d6 3.d4 g6 4.g3 Bg7 5.Bg2 O-O 6.O-O Nc6 7.Nc3 Rb8 8.h3 a6 9.Be3
e6 10.Rc1 Ne7 11.b4 b5 12.c5 h6 13.Bd2 Bb7 14.Qc2 Ned5 15.Nxd5 Bxd5 16.Ne1 Bc4
17.Nd3 Nd7 18.Rfd1 g5 19.Bc3 d5 20.Nb2 f5 21.Nxc4 bxc4 22.Qa4 Qc8 23.Qc6 Nf6
24.f3 Kh8 25.Be1 f4 26.Qa4 fxg3 27.Bxg3 Nh5 28.Bh2 Nf4 29.Bf1 e5 30.dxe5 Qe6
31.a3 Bxe5 32.Qc2 Bd4+ 33.Kh1 Be3 34.Qc3+ Kg8 35.Rc2 Rbe8 36.Qe1 d4 37.Qg3 c3
38.h4 Qf5 39.hxg5 Qxc2 40.Rd3 h5 {#R} 0-1

[Event "Bundesliga 2016-17"]
[Site "masterchessopen.com Schwaebisch Hall GER"]
[Date "2017.03.18"]
[Round "9.8"]
[White "Vogel,Roven"]
[Black "Gerigk,E"]
[Result "1-0"]
[WhiteElo "2415"]
[BlackElo "2381"]
[EventType "team"]

1.d4 g6 2.c4 Bg7 3.Nf3 c5 4.e3 Nf6 5.Nc3 O-O 6.Be2 cxd4 7.exd4 d5 8.cxd5 Nxd5
9.Qb3 Nxc3 10.bxc3 Nc6 11.O-O Qc7 12.Rd1 Be6 13.d5 Na5 14.Qa4 Bd7 15.Qh4 Rac8
16.Ng5 h6 17.Ne4 Qe5 18.Bd3 f5 19.Bf4 Qxd5 20.Bxh6 Bxh6 21.Qxh6 Qf7 22.Ng5 Qg7
23.Qh4 Rxc3 24.Bf1 Bc8 25.Rd4 a6 26.Ra4 Rc5 27.Re1 Rf6 28.Rxa5 Rxa5 29.Qc4+ e6
30.Qxc8+ Rf8 31.Qxe6+ {#r} 1-0

[Event "Bundesliga 2016-17"]
[Site "masterchessopen.com Schwaebisch Hall GER"]
[Date "2017.03.18"]
[Round "9.8"]
[White "Loxine,J"]
[Black "Lammers,M"]
[Result "1-0"]
[WhiteElo "2409"]
[BlackElo "2318"]
[EventType "team"]

1.Nf3 Nf6 2.c4 c5 3.Nc3 Nc6 4.d4 cxd4 5.Nxd4 g6 6.e4 Bg7 7.Be3 O-O 8.Be2 d6
9.O-O Nxd4 10.Bxd4 Bd7 11.f3 Bc6 12.b4 Rc8 13.Qd2 Bd7 14.Rac1 Be6 15.Nd5 Bxd5
16.exd5 Nd7 17.Bxg7 Kxg7 18.f4 a5 19.a3 Kg8 20.Bg4 b6 21.Rc3 axb4 22.axb4 Ra8
23.Bxd7 Qxd7 24.f5 Kh8 25.Rh3 g5 26.Qxg5 Rg8 27.Qh4 Rg7 28.f6 exf6 29.Rg3 Rxg3
30.hxg3 Qe7 31.Qxf6+ Qxf6 32.Rxf6 Ra4 33.Rxd6 Rxb4 34.Rc6 Rb2 35.Rc8+ Kg7
36.Rb8 Kf6 37.c5 Rc2 38.d6 Ke6 39.Re8+ Kd7 40.Re7+ Kc8 41.cxb6 Rb2 42.Rc7+
{#r} 1-0

[Event "TCh-LTU 2017"]
[Site "masterchessopen.com Lithuania LTU"]
[Date "2017.03.18"]
[Round "6.1"]
[White "Zagorskis,D"]
[Black "Laurusas,T"]
[Result "1-0"]
[WhiteElo "2466"]
[BlackElo "2433"]
[EventType "team"]

1.d4 Nf6 2.c4 g6 3.Nc3 d5 4.Nf3 Bg7 5.Bf4 O-O 6.Rc1 c6 7.e3 Bg4 8.Qb3 Bxf3
9.gxf3 c5 10.dxc5 d4 11.exd4 Nh5 12.Be3 Nc6 13.d5 Nd4 14.Qd1 Nf5 15.Bd3 Nxe3
16.fxe3 Qa5 17.Qd2 Qxc5 18.O-O Rad8 19.Ne4 Qc8 20.Ng3 Nf6 21.e4 e6 22.f4 exd5
23.cxd5 Qh3 24.Qg2 Qh4 25.Be2 Kh8 26.Rcd1 Bh6 27.e5 Nd7 28.Qf3 Rc8 29.Qg4 Qd8
30.Qh3 Bg7 31.Bg4 Rc7 32.d6 Rc2 33.Bxd7 Qb6+ 34.Kh1 Rd8 35.Bg4 Qxb2 36.Bf3
Qxa2 37.Bxb7 a5 38.Bd5 {#r} 1-0

[Event "TCh-LTU 2017"]
[Site "masterchessopen.com Lithuania LTU"]
[Date "2017.03.18"]
[Round "6.1"]
[White "Sakalauskas,V"]
[Black "Kazakovskiy,Valeriy"]
[Result "0-1"]
[WhiteElo "2357"]
[BlackElo "2430"]
[EventType "team"]

1.d4 Nf6 2.c4 e6 3.Nc3 Bb4 4.Qc2 Nc6 5.Nf3 d6 6.Bg5 O-O 7.e3 e5 8.dxe5 dxe5
9.Be2 h6 10.Bh4 Bxc3+ 11.Qxc3 g5 12.Bg3 Ne4 13.Qd3 Qxd3 14.Bxd3 Nc5 15.Be2 f6
16.O-O Be6 17.Rfd1 Rad8 18.b3 Ne4 19.Rac1 Rxd1+ 20.Bxd1 Rd8 21.Kf1 h5 22.h4 g4
23.Ne1 Nb4 24.a3 Na2 25.Ra1 Nac3 26.Bc2 Nd2+ 27.Kg1 Ne2+ 28.Kh1 Nxg3+ 29.fxg3
Nf1 30.e4 Rd2 31.Bd3 Nxg3+ 32.Kg1 f5 33.exf5 Bxf5 34.Kh2 Bxd3 35.Kxg3 Be4
36.b4 Kf7 37.a4 Ke6 38.Ra3 Re2 39.Ra1 Kf5 40.Rd1 a5 41.bxa5 Ke6 42.Kh2 Re3
43.Kg1 Ke7 44.Ra1 Rc3 45.Kf2 Rxc4 46.Ke3 Bg6 47.Ra2 c5 48.Rd2 Ke6 49.Ra2 Rb4
50.Nc2 Bxc2 51.Rxc2 c4 52.Ke4 Rxa4 53.Rc3 Rb4 54.Rc2 Ra4 55.Rc3 Rxa5 56.Rxc4
Ra2 57.Rb4 Re2+ 58.Kd3 Rxg2 59.Rxb7 Rh2 60.Ke4 Rxh4 61.Rb6+ Kf7 62.Kf5 g3
63.Rb7+ Kf8 {#R} 0-1

[Event "TCh-LTU 2017"]
[Site "masterchessopen.com Lithuania LTU"]
[Date "2017.03.18"]
[Round "6.1"]
[White "Germanavicius,S"]
[Black "Vedrickas,T"]
[Result "0-1"]
[WhiteElo "2335"]
[BlackElo "2392"]
[EventType "team"]

1.d4 f5 2.Nf3 Nf6 3.g3 e6 4.Bg2 Be7 5.O-O O-O 6.c4 d6 7.Nc3 a5 8.Re1 Ne4 9.Qd3
Nxc3 10.Qxc3 Qe8 11.Bg5 Bxg5 12.Nxg5 e5 13.dxe5 dxe5 14.Rad1 e4 15.f3 Qe7
16.Nh3 Na6 17.Rd5 Nb4 {#R} 0-1

[Event "TCh-LTU 2017"]
[Site "masterchessopen.com Lithuania LTU"]
[Date "2017.03.18"]
[Round "6.1"]
[White "Brazdzionis,A"]
[Black "Baliasnyj,T"]
[Result "0-1"]
[WhiteElo "2288"]
[BlackElo "2211"]
[EventType "team"]

1.d4 Nf6 2.Nc3 d5 3.Bf4 e6 4.e3 Bd6 5.Bd3 Bxf4 6.exf4 c5 7.dxc5 Qa5 8.Bb5+ Bd7
9.a3 Bxb5 10.b4 Qa6 11.a4 Bd7 12.Nge2 Qc4 13.Qd4 Qxd4 14.Nxd4 Nc6 15.Ncb5 Nxd4
16.Nxd4 Ke7 17.f3 Rhc8 18.Kd2 b6 19.Nb3 bxc5 20.Nxc5 a5 21.c3 d4 22.cxd4 axb4
23.a5 Nd5 24.Rhb1 Ra7 25.a6 Rb8 26.g3 Bc6 27.Re1 g6 28.Rec1 Rb6 29.Ra5 Nf6
30.Rb1 Bxf3 31.Ra4 Nd7 32.Raxb4 Rxb4 33.Rxb4 Nxc5 34.dxc5 Rxa6 35.Ke3 Bd5
36.Rb8 Ra2 {#R} 0-1

[Event "TCh-LTU 2017"]
[Site "masterchessopen.com Lithuania LTU"]
[Date "2017.03.18"]
[Round "6.2"]
[White "Grabliauskas,V"]
[Black "Neiksans,A"]
[Result "0-1"]
[WhiteElo "2367"]
[BlackElo "2627"]
[EventType "team"]

1.d4 Nf6 2.c4 e6 3.Nf3 b6 4.g3 Ba6 5.Qc2 c5 6.d5 exd5 7.cxd5 g6 8.Bg2 Bg7
9.O-O O-O 10.Rd1 Re8 11.Nc3 d6 12.e4 b5 13.Nd2 Ng4 14.Nf3 b4 15.Nb1 Nd7
16.Nbd2 c4 17.Nf1 Nc5 18.Ne3 Rxe4 19.Nxg4 Rxg4 20.Bf4 Nd3 21.Rxd3 cxd3 22.Qc6
Rxf4 23.gxf4 Qc8 24.Rd1 Bxb2 25.Ne1 Bc3 26.Nxd3 Bxd3 27.Rxd3 Qd8 28.Bh3 f5
29.Qb7 Qc8 30.Qc6 Qd8 31.Qb7 a5 32.Re3 Bd4 33.Rg3 Ra7 34.Qb5 Kf8 35.Bf1 Qb6
36.Qxb6 Bxb6 37.a3 a4 38.Bb5 b3 39.Rc3 Bc5 40.Kg2 Bxa3 {#R} 0-1

[Event "TCh-LTU 2017"]
[Site "masterchessopen.com Lithuania LTU"]
[Date "2017.03.18"]
[Round "6.2"]
[White "Sulskis,S"]
[Black "Stauskas,Lukas"]
[Result "1-0"]
[WhiteElo "2518"]
[BlackElo "2272"]
[EventType "team"]

1.c4 c5 2.Nf3 Nf6 3.Nc3 d5 4.cxd5 Nxd5 5.e4 Nb4 6.Bb5+ N8c6 7.d4 cxd4 8.a3
dxc3 9.Qxd8+ Kxd8 10.axb4 f6 11.bxc3 e5 12.Be3 Kc7 13.O-O Bd6 14.Nd2 Be6
15.Nc4 Be7 16.Ra3 Rac8 17.Bxc6 Bxc4 18.Bxb7 Kxb7 19.Rxa7+ Kc6 20.Rxe7 Bxf1
21.Kxf1 Kb5 22.Rb7+ Kc4 23.Rxg7 Kxc3 24.b5 Kd3 25.b6 Ra8 26.g3 Ra1+ 27.Kg2
Kxe4 28.g4 Rb1 29.Rf7 Rg8 30.Kh3 h5 31.gxh5 f5 32.h6 f4 33.h7 Rh8 34.Bc5 Rb5
35.Bf8 Rxb6 36.Kg4 Rb8 37.Be7 Rb6 38.Kg5 Rb7 39.Kg6 Kd5 40.Bf6 Rb6 41.Kf5 Re8
42.Rd7+ Kc6 43.Rd8 {#r} 1-0

[Event "TCh-LTU 2017"]
[Site "masterchessopen.com Lithuania LTU"]
[Date "2017.03.18"]
[Round "6.2"]
[White "Klabis,R"]
[Black "Solys,L"]
[Result "1-0"]
[WhiteElo "2252"]
[BlackElo "2360"]
[EventType "team"]

1.e4 e5 2.Nf3 Nc6 3.d4 exd4 4.Bc4 Bc5 5.c3 Nf6 6.cxd4 Bb4+ 7.Bd2 Bxd2+ 8.Nbxd2
d5 9.exd5 Nxd5 10.O-O O-O 11.Rc1 Bg4 12.h3 Bh5 13.Bxd5 Qxd5 14.Rc5 Bxf3
15.Nxf3 Qxa2 16.d5 Rad8 17.Qa1 Qxa1 18.Rxa1 Ne7 19.Rxc7 Nc8 20.Rxb7 Rxd5 21.b4
h6 22.Kh2 Rd6 23.Ne5 Re8 24.Nc4 Rd4 25.Ne3 Rd6 26.Rc7 Rb6 27.Nd5 Rb8 28.Ra3
Re5 29.Rd3 Kf8 30.Ne3 g6 31.Ng4 Re8 32.Nf6 Nb6 33.Nxe8 Rxe8 34.Rxa7 Re4 35.Rf3
Re7 36.Rxe7 Kxe7 37.Rd3 {#r} 1-0

[Event "TCh-LTU 2017"]
[Site "masterchessopen.com Lithuania LTU"]
[Date "2017.03.18"]
[Round "6.2"]
[White "Tvarijonas,T"]
[Black "Viskelis,D"]
[Result "0-1"]
[WhiteElo "2277"]
[BlackElo "2310"]
[EventType "team"]

1.e4 e5 2.Nf3 Nc6 3.Bb5 Nf6 4.O-O Bc5 5.d3 Nd4 6.Ba4 Nxf3+ 7.Qxf3 O-O 8.Qg3 d6
9.Bg5 Kh8 10.Nc3 c6 11.Bb3 h6 12.Bxf6 Qxf6 13.Na4 Bb4 14.f4 b5 15.Nc3 exf4
16.Rxf4 Qd4+ 17.Kh1 Be6 18.e5 Qc5 19.d4 Qb6 20.Bxe6 fxe6 21.exd6 Bxd6 22.Rxf8+
Bxf8 23.Qe5 Rd8 24.Rf1 Bd6 25.Qe4 Qc7 26.Qg6 Bxh2 27.Ne4 Bf4 28.g3 Rf8 29.gxf4
Rxf4 30.Kg2 Rxf1 31.Kxf1 Qh2 32.Nf2 Qf4 33.Qe8+ Kh7 34.Qxc6 Qc1+ 35.Ke2 Qxb2
36.Kd3 Qa3+ 37.Kd2 Qa5+ 38.Kd3 Qa3+ 39.Kd2 Qa5+ 40.Ke2 Qxa2 41.Nd3 Qd5 42.Qc5
a5 43.Kd2 a4 44.Kc3 a3 45.Qxd5 exd5 46.Nf4 g5 47.Nxd5 h5 48.Kb3 h4 49.Kxa3 h3
50.Nf6+ Kg6 51.Ne4 Kf5 52.Nf2 h2 53.d5 g4 54.Nh1 Ke5 55.Kb4 Kxd5 56.Kxb5 Ke4
57.c4 Kf3 58.c5 g3 59.Nxg3 Kxg3 60.c6 h1=Q 61.Kb6 Kf4 {#R} 0-1

[Event "TCh-LTU 2017"]
[Site "masterchessopen.com Lithuania LTU"]
[Date "2017.03.18"]
[Round "6.3"]
[White "Chocenka,D"]
[Black "Narmontas,M"]
[Result "0-1"]
[WhiteElo "2216"]
[BlackElo "2411"]
[EventType "team"]

1.e4 c5 2.Nf3 Nc6 3.d4 cxd4 4.Nxd4 Nf6 5.Nc3 g6 6.Be3 Bg7 7.Be2 O-O 8.O-O d5
9.exd5 Nb4 10.Nf3 Nbxd5 11.Nxd5 Nxd5 12.Bd4 Bh6 13.Re1 Nf4 14.h3 Be6 15.Bf1
Qc8 16.Be3 Rd8 17.Qc1 Qc7 18.Nh2 g5 19.Nf3 Bd5 20.Nd4 Qd7 21.c4 Rac8 22.Qc2 b5
23.b3 bxc4 24.bxc4 e6 25.Qb3 Ba8 26.Red1 Qc7 27.Nb5 Qe5 28.Rxd8+ Rxd8 29.Rd1
Rf8 30.Bxa7 Qe4 31.f3 Qf5 32.Bf2 Bg7 33.Nd6 Qa5 34.a4 Bc6 35.Nb5 Be5 36.Qe3
Bb8 37.Ra1 Qb4 38.Qc5 Qb2 39.Qxg5+ Ng6 40.Bd4 Qc2 41.Bf6 Bf4 42.Qc5 Bxf3
43.Qf2 Bh2+ 44.Kxh2 Qxf2 45.Bd4 Qd2 46.Ra3 Bc6 47.Bc3 Qf4+ 48.Kg1 Rd8 49.Ra1
Bxb5 {#R} 0-1

[Event "TCh-LTU 2017"]
[Site "masterchessopen.com Lithuania LTU"]
[Date "2017.03.18"]
[Round "6.3"]
[White "Kalvaitis,S"]
[Black "Bucinskas,V"]
[Result "1-0"]
[WhiteElo "2284"]
[BlackElo "2348"]
[EventType "team"]

1.d4 d5 2.c4 dxc4 3.Nf3 a6 4.a4 Nf6 5.Nc3 Nc6 6.e4 Na5 7.Be2 c6 8.O-O b5 9.e5
Nd5 10.Ne4 Nb3 11.Bg5 f6 12.Be3 Nxa1 13.Qxa1 Bg4 14.h3 Bxf3 15.Bxf3 e6 16.exf6
gxf6 17.Bh5+ Kd7 18.Re1 Qa5 19.Bd2 Qxa4 20.Qb1 b4 21.Bf7 Re8 22.Bxe8+ Kxe8
23.Nxf6+ Nxf6 24.Qf5 Kf7 25.Qxe6+ Kg6 26.h4 h5 27.Re3 Qd1+ 28.Kh2 Bg7 29.Rg3+
Kh7 30.Qf5+ Kg8 31.Qxf6 Rh7 32.Qe6+ {#r} 1-0

[Event "TCh-LTU 2017"]
[Site "masterchessopen.com Lithuania LTU"]
[Date "2017.03.18"]
[Round "6.3"]
[White "Mickevicius,J"]
[Black "Vaicekauskas,G"]
[Result "1-0"]
[WhiteElo "2297"]
[BlackElo "2228"]
[EventType "team"]

1.d4 d5 2.c4 e5 3.dxe5 d4 4.Nf3 Nc6 5.a3 Nge7 6.b4 Ng6 7.Bb2 a5 8.b5 Ncxe5
9.Nxe5 Nxe5 10.e3 Be6 11.Bxd4 Nxc4 12.Qc2 Nd6 13.Bd3 Qg5 14.f4 Qh4+ 15.g3 Qh5
16.O-O Nxb5 17.f5 Bd7 18.Bxb5 Bxb5 19.Qe4+ Be7 20.Qxb7 Bxf1 21.Qxa8+ Kd7
22.Qd5+ Bd6 23.Kxf1 Qd1+ 24.Kf2 Re8 25.Qf3 Qc2+ 26.Qe2 Qxf5+ 27.Kg1 c5 28.Qb5+
Ke7 29.Nc3 Kf8 30.Bxg7+ Kxg7 31.Qxe8 Be5 32.Rf1 {#r} 1-0